| 000 -LEADER |
| fixed length control field |
00833cam a22001817a 4500 |
| 008 - FIXED-LENGTH DATA ELEMENTS--GENERAL INFORMATION |
| fixed length control field |
180718b2006 xxu||||| |||| 00| 0 eng d |
| 020 ## - INTERNATIONAL STANDARD BOOK NUMBER |
| International Standard Book Number |
8180521176 |
| 082 ## - DEWEY DECIMAL CLASSIFICATION NUMBER |
| Classification number |
I513 D334i |
| 245 ## - TITLE STATEMENT |
| Title |
Ishwar Dayal on management |
| Statement of responsibility, etc. |
edited by Deepak Dogra |
| 260 ## - PUBLICATION, DISTRIBUTION, ETC. |
| Place of publication, distribution, etc. |
New Delhi |
| Name of publisher, distributor, etc. |
Ane Books |
| Date of publication, distribution, etc. |
2006 |
| 300 ## - PHYSICAL DESCRIPTION |
| Extent |
6 vols. |
| 500 ## - GENERAL NOTE |
| General note |
Contents: v.1. Organisation and development, 257p.; v.2. Organisational development and change, 269p.; v.3. Behavioural science applications, 217p.; v.4. Education and training, 202p.; v.5. Human resources in organisations, 210p.; v.6. Public administration and public enterprises, 319p. |
| 650 ## - SUBJECT ADDED ENTRY--TOPICAL TERM |
| Topical term or geographic name entry element |
Executives --India --Biography |
| 650 ## - SUBJECT ADDED ENTRY--TOPICAL TERM |
| Topical term or geographic name entry element |
Associations, institutions, etc --India --Management |
| 650 ## - SUBJECT ADDED ENTRY--TOPICAL TERM |
| Topical term or geographic name entry element |
Management --Study and teaching --India |
| 650 ## - SUBJECT ADDED ENTRY--TOPICAL TERM |
| Topical term or geographic name entry element |
Dayal, Ishwar |
| 700 ## - ADDED ENTRY--PERSONAL NAME |
| Personal name |
Dogra, Deepak |